| 000 | 00777nam a2200253Ia 4500 | ||
|---|---|---|---|
| 003 | OSt | ||
| 005 | 20220926004909.0 | ||
| 006 | a|||||r|||| 00| 0 | ||
| 007 | ta | ||
| 008 | 220923b |||||||| |||| 00| 0 eng d | ||
| 020 |
_a9789386602183 _c1250.00 |
||
| 037 |
_b284, 09/02/2018, CLASSIC BOOKS SERVICES _cGeneral Book |
||
| 040 |
_aRTL _cRTL _beng |
||
| 041 |
_2eng _aeng |
||
| 082 | _aU2894.4, Q8 | ||
| 100 |
_aPAL Indrajit _9309434 |
||
| 245 | 0 | _aNatural hazards management in Asia. | |
| 260 |
_a New Delhi _bSage _c2018 |
||
| 300 |
_axv,382p _ccm. |
||
| 650 | _aCommerce | ||
| 700 |
_a GHOSH Tuhin _9309435 |
||
| 942 |
_hU2894.4, Q8 _cGB _2CC |
||
| 999 |
_c612495 _d612495 |
||